000 00672nam a2200241 4500
001 VA63499
003 ES-SlBCS
005 20220114212133.0
008 140520s1977 xxu||||| |||| 00| 0 spa d
017 _aB-49199-1976
020 _a84-253-0233-1
041 _aspa
100 1 _aPeale, Norman Vincent
_9369745
245 1 0 _aPecado, sexo y autocontrol
_cNorman Vincent Peale; Margarita García
250 _a4ª ed.
260 _aBarcelona :
_bGrijalbo
_c, 1977
300 _a222 p.;
_c21 cm
490 0 _aObras Completas
_v5
500 _aTít. orig.: Sin, Sex and Self-Control
650 0 4 _aPecado
_990174
700 1 _aGarcía, Margarita
_9398641
942 _cBK
999 _c839193
_d839193